[Event "First Saturday 2009 september FM-A"]
[Site "Budapest"]
[Date "2009.09.11"]
[Round "7"]
[White "Yip, Michael"]
[Black "Hocevar, Nikola"]
[Result "1/2-1/2"]
[WhiteElo "2026"]
[BlackElo "2114"]
[PlyCount "45"]
[EventDate "2009.09.05"]

1. d4 d5 2. c4 e6 3. Nf3 Nf6 4. Nc3 c6 5. Bg5 h6 6. Bh4 Be7 7. e3 Nbd7 8. Rc1
O-O 9. Bd3 dxc4 10. Bxc4 Nd5 11. Bxe7 Qxe7 12. O-O Nxc3 13. Rxc3 e5 14. dxe5
Nxe5 15. Nxe5 Qxe5 16. f4 Qf6 17. f5 Rd8 18. Qc2 b6 19. Kh1 Bb7 20. e4 Re8 21.
Rg3 Kh8 22. Rd1 c5 23. Re3 1/2-1/2

[Event "First Saturday 2009 september FM-A"]
[Site "Budapest"]
[Date "2009.09.11"]
[Round "7"]
[White "Schenkerik, Csaba"]
[Black "Lakat, Gyula"]
[Result "1/2-1/2"]
[WhiteElo "2120"]
[BlackElo "1975"]
[PlyCount "32"]
[EventDate "2009.09.05"]

1. e4 c5 2. Nf3 Nc6 3. d4 cxd4 4. Nxd4 Nf6 5. Nc3 e5 6. Ndb5 d6 7. Bg5 a6 8.
Na3 b5 9. Bxf6 gxf6 10. Nd5 Bg7 11. Bd3 Ne7 12. Nxe7 Qxe7 13. O-O O-O 14. c4
bxc4 15. Nxc4 Be6 16. Qe2 a5 1/2-1/2